MARC details
| 000 -LEADER |
| campo de control de longitud fija |
01398nam a2200289 i 4500 |
| 001 - NÚMERO DE CONTROL |
| campo de control |
163963 |
| 003 - IDENTIFICADOR DE NÚMERO DE CONTROL |
| campo de control |
ES-MaACL |
| 005 - FECHA Y HORA DE LA ÚLTIMA TRANSACCIÓN |
| campo de control |
20250725232356.0 |
| 008 - DATOS DE LONGITUD FIJA--INFORMACIÓN GENERAL |
| campo de control de longitud fija |
961001m18911892sp |||| | spa d |
| 040 ## - FUENTE DE CATALOGACIÓN |
| Centro catalogador/agencia de origen |
CYL |
| Lengua de catalogación |
spa |
| Centro/agencia transcriptor |
CYL |
| 080 ## - NÚMERO DE LA CLASIFICACIÓN DECIMAL UNIVERSAL |
| Número de la Clasificación Decimal Universal |
821.134.2-14"15/18"(082.2) |
| 080 ## - NÚMERO DE LA CLASIFICACIÓN DECIMAL UNIVERSAL |
| Número de la Clasificación Decimal Universal |
821.134.2(7/8)-14"15/18"(082.2) |
| 245 03 - MENCIÓN DEL TÍTULO |
| Título |
La rosa |
| Resto del título |
: manojo de la poesía castellana, formado con las mejores producciones líricas consagradas á la reina de las flores durante los siglos XVI, XVII, XVIII y XIX por los poetas de los dos mundos / |
| Mención de responsabilidad, etc. |
recogiólas de diferentes libros, códices y manuscritos y las publica con noticias biográficas y bibliográficas originales Juan Pérez de Guzmán. |
| 246 35 - FORMA VARIANTE DEL TITULO |
| Título propio/Titulo breve |
Cancionero de la rosa |
| 260 ## - PUBLICACIÓN, DISTRIBUCIÓN, ETC. |
| Lugar de publicación, distribución, etc. |
Madrid : |
| Nombre del editor, distribuidor, etc. |
[s.n.], |
| Fecha de publicación, distribución, etc. |
1891-1892 ( |
| Fabricante |
Imp. y Fundición de M. Tello) |
| 300 ## - DESCRIPCIÓN FÍSICA |
| Extensión |
2 v. (518 ; 526 p.) ; |
| Dimensiones |
17 cm. |
| 490 1# - MENCIÓN DE SERIE |
| Mención de serie |
Colección de escritores castellanos. Líricos ; |
| Designación de volumen o secuencia |
85, 91 |
| 500 ## - NOTA GENERAL |
| Nota general |
El v.1 incluye un apéndice. |
| 510 4# - NOTA DE CITAS O REFERENCIAS BIBLIOGRÁFICAS |
| Nombre de la fuente |
Palau, |
| Localización dentro de la fuente |
278215 |
| 594 ## - Nota al título y mención de responsabilidad |
| Nota al título y mención de responsabilidad |
Título en antep.: "Cancionero de la rosa" |
| 650 #7 - PUNTO DE ACCESO ADICIONAL DE MATERIA--TÉRMINO DE MATERIA |
| Término de materia o nombre geográfico como elemento de entrada |
Poesías españolas |
| Fuente del encabezamiento o término |
embne |
| 9 (RLIN) |
16214 |
| 650 #4 - PUNTO DE ACCESO ADICIONAL DE MATERIA--TÉRMINO DE MATERIA |
| Término de materia o nombre geográfico como elemento de entrada |
Poesías hispanoamericanas. |
| 9 (RLIN) |
148477 |
| 700 1# - ENTRADA AGREGADA--NOMBRE PERSONAL |
| Nombre de persona |
Pérez de Guzmán y Gallo, Juan, |
| Fechas asociadas al nombre |
1841-1928 |
| 9 (RLIN) |
90777 |
| 830 0# - PUNTO DE ACCESO ADICIONAL DE SERIE-TÍTULO UNIFORME |
| Título uniforme |
Colección de escritores castellanos. Líricos ; |
| Designación de volumen o secuencia |
85, 91 |
| 9 (RLIN) |
187678 |
| 852 ## - LOCALIZACIÓN |
| Ubicación |
ES-MaACL |
| Número de control de estantería |
F-12654-55 |
| Nota libre |
. - Enc. hol. |